|
|
|
|
| LEADER |
00000cam a2200000 a 4500 |
| 001 |
vtls001237051 |
| 003 |
SK-MaSNL |
| 005 |
20260302032048.0 |
| 008 |
240314s1992 xo a g 6 000 c cze |
| 015 |
|
|
|a SNBA1992
|
| 020 |
|
|
|a 8071470627
|q (brož.)
|
| 035 |
|
|
|a SNK000184059
|
| 035 |
|
|
|a urn:nbn:sk:snk-amlkh2
|
| 035 |
|
|
|a urn:nbn:sk:snk-am00bpa5
|
| 035 |
|
|
|a 0748FDB7-081F-4777-91E5-53FAB214EC00
|
| 040 |
|
|
|a SNK
|b slo
|c SNK
|e AACR2
|
| 041 |
1 |
|
|a cze
|h eng
|
| 044 |
|
|
|a xo
|c SK
|
| 080 |
|
|
|a 087.5(084)=850
|2 1981
|
| 080 |
|
|
|a (084.1)
|2 2011
|
| 245 |
0 |
0 |
|a Conan Barbar 4
|h grafika
|c Až budou obři kráčet po zemi! / Roy Thomas. Prokletí muže, který nezemřel ; výtvarník John Buscema ; do češtiny přeložil Peter Vučka
|
| 260 |
|
|
|a Bratislava
|b Semic-Slovart
|c 1992
|e Budapešť
|f Semic-Interprint
|
| 300 |
|
|
|a 32 s.
|c 26 x 17 cm
|
| 500 |
|
|
|a Obsahuje 2 diela
|
| 500 |
|
|
|a Na strane č. 1 uvedené: "Postavy vytvořil Robert E. Howard"
|
| 500 |
|
|
|a Na strane č. 18 uvedené: "Freely adapted from the story "Mistress of death" by Robert E. Howard creator of Conan"
|
| 655 |
|
7 |
|a komiksy
|2 SNKPH
|9 70703
|
| 655 |
|
7 |
|a kreslené seriály
|2 SNKPH
|9 60446
|
| 655 |
|
7 |
|a literatúra pre mládež
|2 SNKPH
|9 89423
|
| 655 |
|
7 |
|a Youth's literature
|2 SNKPH
|9 284579
|
| 655 |
|
7 |
|a Comics
|2 SNKPH
|9 284578
|
| 700 |
1 |
|
|a Vučka, Peter
|4 trl
|9 284556
|
| 700 |
1 |
2 |
|i Na motívy:
|a Howard, Robert E.,
|d 1906-1936
|9 167036
|
| 700 |
1 |
|
|a Thomas, Roy,
|d 1940-
|4 aut
|9 194124
|
| 700 |
1 |
|
|a Buscema, John,
|d 1927-2002
|4 drm
|9 255223
|
| 852 |
|
|
|a Slovenská národná knižnica
|
| 919 |
|
|
|a 80-7147-062-7
|
| 954 |
|
|
|a ilustrované knihy, leporelá, komiksy cudzojazyčné (svetové)
|2 lita
|
| 958 |
|
|
|a BQ
|
| 958 |
|
|
|a LX
|
| 958 |
|
|
|a TL
|
| 958 |
|
|
|a OND
|
| 968 |
|
|
|b ENG
|
| 999 |
|
|
|c 1054821
|d 1056751
|
| 952 |
|
|
|a SNK
|b SNK
|y PREZ
|7 0
|p 17A0804306
|o snkSB 49613/4
|i snkKSP 2070/93
|0 0
|1 0
|4 0
|d 2012-07-12
|f 1
|l 0
|r 2025-02-28 00:00:00
|w 2026-02-24
|
| 952 |
|
|
|a SNK
|b SNK
|y VYP
|7 0
|p 17A0023009
|o snkSB 49613/4 D1
|i snkKSP 2071/93
|0 0
|1 0
|4 0
|d 1996-11-28
|l 0
|r 2005-01-01 00:00:00
|w 2026-02-24
|